000 00431nam a2200181Ia 4500
005 20240823062710.0
008 240823s9999||||xx |||||||||||||| ||und||
041 _aENGLISH
082 _A519.5 N4
100 _aGoon A M [etal]
245 3 _aAn Outline of Statistical Theory Vol 2
250 _a2nd
260 _c1994
_b"WPP,Calcutta"
500 _aYES
650 _aStatistics
_bMathematics
942 _cBK
999 _c236501
_d236501